Enumeration of finite groups

Saved in:
Bibliographic Details
Main Author: Blackburn, Simon R.
Other Authors: Neumann, P. M., Vankataraman, Geetha
Format: Book
Language:English
Published: Cambridge ; New York : Cambridge University Press, 2007
Series:Cambridge tracts in mathematics ; ; 173
Subjects:
Tags: Add Tag
No Tags, Be the first to tag this record!

MARC

LEADER 00000nam a2200000 i 4500
001 1/17239
008 120110s2007 eng d
020 |a 978-0-521-88217-0 
035 |l 10111640 
040 |a GR-MY-UA  |b gre  |e aacr 
041 0 |a eng 
082 0 |a 512.23  |2 (22) 
100 1 |a Blackburn, Simon R. 
245 1 0 |a Enumeration of finite groups /  |c Simon R. Blackburn, Peter M. Neumann, Geetha Venkataraman 
260 |a Cambridge ; New York :   |b Cambridge University Press,   |c 2007 
300 |a xii, 281 σ.;  |c 24 εκ. 
490 1 |a Cambridge tracts in mathematics  |v ; 173 
504 |a Βιβλιογραφία: σ.275-279. Ευρετήριο 
650 0 0 |a Finite groups. 
700 1 |a Neumann, P. M. 
700 1 |a Vankataraman, Geetha. 
830 0 |a Cambridge tracts in mathematics ;  |v ; 173 
852 |a INST  |b SAMOS  |e 20120110  |h 512.23 BLA  |p 005300034108  |q 005300034108  |t BK  |y 0 
901 |a BIBL3-2012-1 
909 |a Σ  |b 172002 
922 |a 3ΕΛΗ  |b 201112  |c ΤΜΗΜΑ ΜΑΘΗΜΑΤΙΚΩΝ/ΜΕΤΑΠΤΥΧΙΑΚΟ  |d ΔΙΑΔΡΟΜΕΣ 
970 |a ΚΟΣΙΕΡΗΣ  |b ΧΡΗΣΤΟΣ  |z 2012/01/10